Test it fix it: Inter English verb and tense

Guardat en:
Dades bibliogràfiques
Format: Llibre
Etiquetes: Afegir etiqueta
Sense etiquetes, Sigues el primer a etiquetar aquest registre!
Thư viện lưu trữ: Mạng thư viện Đại học Đà Nẵng
LEADER 00429nam a22001691a 4500
001 000037441
003 13736
005 20160412020344.0
008 160412s0 000
082 |a 4A(07)593 
245 |a Test it fix it: Inter English verb and tense  |c Kenna Bourk 
OWN |a LNN 
999 |a From the UDN01 
TYP |a Monograph 
980 |a Mạng thư viện Đại học Đà Nẵng